[Event "GER-chT Federal Cup (Women)"]
[Site "Braunfels"]
[Date "2019.06.23"]
[Round "5.27"]
[White "Sokalska, Viktorija"]
[Black "Skibbe, Diana"]
[Result "0-1"]
[WhiteElo "1961"]
[BlackElo "1986"]
[PlyCount "48"]
[EventDate "2019.06.20"]
[EventType "team-swiss"]
[EventRounds "5"]
[EventCountry "GER"]
[SourceTitle "CBM 191 Extra"]
[Source "ChessBase"]
[SourceDate "2019.09.30"]
[SourceVersion "1"]
[SourceVersionDate "2019.09.30"]
[SourceQuality "1"]

1. e4 e5 2. Nf3 Nf6 3. Nc3 Nc6 4. Bc4 Nxe4 5. Nxe4 d5 6. Bxd5 Qxd5 7. Nc3 Qd8 8. Qe2 Bd6 9. d3 0-0 10. Be3 f6 11. 0-0-0 Re8 12. Qd2 Be6 13. h3 Bf8 14. d4 exd4 15. Nxd4 Nxd4 16. Qxd4 c6 17. Qxd8 Raxd8 18. Bxa7 Ra8 19. Be3 Bb4 20. Bd2 Bxc3 21. Bxc3 Rxa2 22. Rhe1 Ra1+ 23. Kd2 Rd8+ 24. Ke2 Bc4+ 0-1

[Event "BL2 West 1819 (Women)"]
[Site "Germany"]
[Date "2018.12.09"]
[Round "5.4"]
[White "Sokalska, Viktorija"]
[Black "Huppertz, Andrea"]
[Result "1-0"]
[WhiteElo "1982"]
[BlackElo "1820"]
[PlyCount "57"]
[EventDate "2018.10.27"]
[EventType "team-tourn"]
[EventRounds "7"]
[EventCountry "GER"]
[SourceTitle "CBM 190 Extra"]
[Source "ChessBase"]
[SourceDate "2019.07.15"]
[SourceVersion "1"]
[SourceVersionDate "2019.07.15"]
[SourceQuality "1"]
[WhiteTeam "Muelheim Nord (W)"]
[BlackTeam "Bochum Wattenscheid (W)"]
[WhiteTeamCountry "GER"]
[BlackTeamCountry "GER"]

1. e4 c5 2. Nc3 Nc6 3. g3 b6 4. Bg2 Bb7 5. d3 e6 6. Nge2 Nd4 7. 0-0 Ne7 8. Bg5 h6 9. Nxd4 cxd4 10. Nb5 d6 11. e5 Bxg2 12. Nxd6+ Kd7 13. Kxg2 Qc7 14. Bf4 g5 15. Bd2 Ng6 16. Nxf7 Rh7 17. Nd6 Nxe5 18. Ne4 Rf7 19. f4 gxf4 20. Bxf4 Ke7 21. Qd2 Rc8 22. Qb4+ Ke8 23. Qb5+ Qd7 24. Qxe5 Rxc2+ 25. Rf2 Rxf2+ 26. Nxf2 Qb7+ 27. Qe4 Qxe4+ 28. Nxe4 Bg7 29. Nd6+ 1-0

[Event "BL2 West 1819 (Women)"]
[Site "Germany"]
[Date "2018.10.28"]
[Round "2.3"]
[White "Sokalska, Viktorija"]
[Black "Mundt, Alexandra"]
[Result "0-1"]
[WhiteElo "1989"]
[BlackElo "1679"]
[PlyCount "100"]
[EventDate "2018.10.27"]
[EventType "team-tourn"]
[EventRounds "7"]
[EventCountry "GER"]
[SourceTitle "CBM 190 Extra"]
[Source "ChessBase"]
[SourceDate "2019.07.15"]
[SourceVersion "1"]
[SourceVersionDate "2019.07.15"]
[SourceQuality "1"]
[WhiteTeam "Muelheim Nord (W)"]
[BlackTeam "Luebeck (W)"]
[WhiteTeamCountry "GER"]
[BlackTeamCountry "GER"]

1. e4 e5 2. Nc3 Nf6 3. d3 Bb4 4. Bd2 Nc6 5. Nge2 d6 6. h3 Bd7 7. g3 Qc8 8. Bg2 Bc5 9. Bg5 Ng8 10. Qd2 Nd4 11. Nxd4 exd4 12. Nd5 c6 13. b4 h6 14. Bf4 cxd5 15. bxc5 dxc5 16. exd5 Ne7 17. Bd6 Nf5 18. Qf4 Nxd6 19. Qxd6 Kd8 20. 0-0 Qc7 21. Qxc7+ Kxc7 22. Rab1 Rab8 23. Rfe1 Kd6 24. Rbc1 Rhe8 25. Kf1 b6 26. g4 Bb5 27. c4 dxc3 28. Rxc3 a5 29. Rb1 Ba6 30. a4 Re7 31. Rcb3 Reb7 32. Ke1 b5 33. axb5 Rxb5 34. Rxb5 Rxb5 35. Ra1 Bb7 36. Bf1 Bxd5 37. d4 c4 38. Rc1 Rb4 39. Kd2 Kc6 40. Rc3 Rb3 41. Rc2 Kb5 42. Kc1 Kb4 43. f4 Rc3 44. Kb2 Rxc2+ 45. Kxc2 a4 46. g5 Be4+ 47. Kc1 a3 48. gxh6 gxh6 49. f5 c3 50. d5 a2 0-1

[Event "GER-chT Federal Cup (Women)"]
[Site "Braunfels"]
[Date "2018.06.01"]
[Round "3.5"]
[White "Sokalska, Viktorija"]
[Black "Kalina, Lena"]
[Result "1-0"]
[WhiteElo "2005"]
[BlackElo "1479"]
[PlyCount "85"]
[EventDate "2018.05.31"]
[EventType "team-swiss"]
[EventRounds "5"]
[EventCountry "GER"]
[SourceTitle "EXT 2020"]
[Source "ChessBase"]
[SourceDate "2019.10.17"]
[SourceVersion "1"]
[SourceVersionDate "2019.10.17"]
[SourceQuality "1"]
[WhiteTeam "Nordrhein Westfalen (W)"]
[BlackTeam "Rheinland Pfalz (W)"]
[WhiteTeamCountry "GER"]
[BlackTeamCountry "GER"]

1. e4 c5 2. Nc3 g6 3. g3 Bg7 4. Bg2 Nc6 5. d3 Nf6 6. Nge2 0-0 7. Be3 d6 8. h3 Rb8 9. 0-0 b6 10. Qd2 Re8 11. f4 Bb7 12. g4 e6 13. Ng3 d5 14. Bf2 dxe4 15. g5 Nd5 16. Ngxe4 Nxc3 17. bxc3 Ne7 18. Rab1 Nf5 19. Rfe1 Qe7 20. h4 Red8 21. Bh3 Bxe4 22. Rxe4 Qd7 23. Rbe1 Rbc8 24. Bxf5 exf5 25. Re7 Qa4 26. h5 Re8 27. h6 Rxe7 28. Rxe7 Bh8 29. d4 cxd4 30. cxd4 Re8 31. Rxe8+ Qxe8 32. c3 f6 33. d5 fxg5 34. d6 Qd7 35. Qd5+ Qf7 36. Qa8+ Qf8 37. Qd5+ Qf7 38. Qc6 Bf6 39. Qc8+ Qf8 40. Qc4+ Qf7 41. Qc8+ Qf8 42. d7 Qd8 43. Bd4 1-0

[Event "Regionalliga West 1718 (Women)"]
[Site "Germany"]
[Date "2017.12.17"]
[Round "3.2"]
[White "Weber, Daniela"]
[Black "Sokalska, Viktorija"]
[Result "1/2-1/2"]
[WhiteElo "1658"]
[BlackElo "2005"]
[PlyCount "63"]
[EventDate "2017.10.15"]
[EventType "team-tourn"]
[EventRounds "5"]
[EventCountry "GER"]
[SourceTitle "CBM 183 Extra"]
[Source "ChessBase"]
[SourceDate "2018.04.19"]
[SourceVersion "1"]
[SourceVersionDate "2018.04.19"]
[SourceQuality "1"]
[WhiteTeam "Muenster (W) II"]
[BlackTeam "Muelheim Nord (W)"]
[WhiteTeamCountry "GER"]
[BlackTeamCountry "GER"]

1. e4 c6 2. d4 d5 3. exd5 cxd5 4. Nf3 Nf6 5. Be3 Nc6 6. Be2 Bf5 7. c3 e6 8. Nbd2 Bd6 9. h3 h6 10. 0-0 0-0 11. Re1 a6 12. a4 Rc8 13. Kh1 Qc7 14. Rg1 Be4 15. Nxe4 Nxe4 16. Nd2 Nf6 17. Qc2 Bf4 18. Qd1 Bxe3 19. fxe3 Qg3 20. Bf3 Rfd8 21. Qe1 Qg6 22. e4 dxe4 23. Bxe4 Qg5 24. Bxc6 Rxc6 25. Nf3 Qd5 26. Qe5 Qb3 27. Qe2 Rb6 28. Rgb1 Qd5 29. Qe5 Qxe5 30. Nxe5 Nd5 31. Nc4 Rc6 32. Ne5 1/2-1/2

[Event "Ruhrgebiet Verbandsklasse Gruppe 2 1516"]
[Site "Germany"]
[Date "2016.02.21"]
[Round "7.4"]
[White "Sokalska, Viktorija"]
[Black "Bauriedel, Friedrich"]
[Result "1/2-1/2"]
[WhiteElo "1849"]
[BlackElo "1845"]
[PlyCount "44"]
[EventDate "2015.09.06"]
[EventType "team-tourn"]
[EventRounds "9"]
[EventCountry "GER"]
[SourceTitle "EXT 2022"]
[Source "ChessBase"]
[SourceDate "2021.10.06"]
[SourceVersion "1"]
[SourceVersionDate "2021.10.06"]
[SourceQuality "1"]
[WhiteTeam "Muelheim Nord IV"]
[BlackTeam "Essen SK Germania Kupferdreh"]
[WhiteTeamCountry "GER"]
[BlackTeamCountry "GER"]

1. e4 c5 2. Nc3 e6 3. g3 Nf6 4. Bg2 Nc6 5. d3 Be7 6. Nge2 0-0 7. 0-0 a6 8. h3 b5 9. e5 Ne8 10. Nf4 Qc7 11. Re1 Rb8 12. Nh5 f5 13. exf6 Nxf6 14. Ne4 d6 15. Bf4 e5 16. Nhxf6+ Bxf6 17. Bg5 Nd8 18. Nxf6+ gxf6 19. Bd5+ Kh8 20. Bh6 Re8 21. Qh5 Qe7 22. Be4 Rg8 1/2-1/2

[Event "BL2 West 1213 (Women)"]
[Site "Germany"]
[Date "2012.12.01"]
[Round "3.1"]
[White "Freter, Anke"]
[Black "Sokalska, Viktorija"]
[Result "0-1"]
[WhiteElo "1900"]
[BlackElo "2022"]
[PlyCount "50"]
[EventDate "2012.10.06"]
[EventType "team-tourn"]
[EventRounds "7"]
[EventCountry "GER"]
[SourceTitle "EXT 2018"]
[Source "ChessBase"]
[SourceDate "2017.10.13"]
[SourceVersion "1"]
[SourceVersionDate "2017.10.13"]
[SourceQuality "1"]
[WhiteTeam "Quickborn Holstein (W)"]
[BlackTeam "Muelheim Nord (W) II"]
[WhiteTeamCountry "GER"]
[BlackTeamCountry "GER"]

1. e4 c6 2. d4 d5 3. exd5 cxd5 4. c4 Nf6 5. Nc3 g6 6. Nf3 Bg7 7. h3 0-0 8. Be3 Nc6 9. Qd2 Bf5 10. c5 Ne4 11. Nxe4 dxe4 12. Ng5 h6 13. g4 hxg5 14. gxf5 Nxd4 15. Bxd4 Qxd4 16. Qxd4 Bxd4 17. fxg6 fxg6 18. Bc4+ Kg7 19. 0-0-0 e5 20. Rhe1 Rxf2 21. Rxe4 Bxb2+ 22. Kb1 Bd4 23. Be6 Raf8 24. Rg4 Rb2+ 25. Kc1 Rff2 0-1

[Event "BL 1112 (Women)"]
[Site "Germany"]
[Date "2012.04.22"]
[Round "10.5"]
[White "Sokalska, Viktorija"]
[Black "Gromova, Iulia"]
[Result "0-1"]
[WhiteElo "2027"]
[BlackElo "2231"]
[PlyCount "70"]
[EventDate "2011.10.29"]
[EventType "team-tourn"]
[EventRounds "11"]
[EventCountry "GER"]
[SourceTitle "EXT 2013"]
[Source "ChessBase"]
[SourceDate "2012.11.22"]
[SourceVersion "1"]
[SourceVersionDate "2012.11.22"]
[SourceQuality "1"]
[WhiteTeam "Muelheim Nord (W)"]
[BlackTeam "Bad Koenigshofen (W)"]
[WhiteTeamCountry "GER"]
[BlackTeamCountry "GER"]

1. e4 c6 2. d4 d5 3. exd5 cxd5 4. Bd3 Nc6 5. c3 Qc7 6. h3 Nf6 7. Nf3 g6 8. 0-0 Bg7 9. Re1 0-0 10. Bg5 Bf5 11. Bxf5 gxf5 12. Bxf6 Bxf6 13. Qd2 e6 14. h4 b5 15. Na3 Rab8 16. Rac1 Kh8 17. Kh1 Rg8 18. Nc2 Rg4 19. Ne3 Re4 20. g3 f4 21. Ng4 Bg7 22. Ng5 Rxe1+ 23. Rxe1 h6 24. Nh3 fxg3 25. Rg1 gxf2 26. Qxf2 f5 27. Ne3 Rg8 28. Nf4 Qf7 29. h5 Bf6 30. Ng6+ Kh7 31. Nxf5 Bg5 32. Rf1 exf5 33. Qg3 Ne7 34. Qc7 Rg7 35. Qb8 Nxg6 0-1

[Event "BL 1112 (Women)"]
[Site "Germany"]
[Date "2012.01.21"]
[Round "6.5"]
[White "Sokalska, Viktorija"]
[Black "Sautter, Elke"]
[Result "1/2-1/2"]
[WhiteElo "2027"]
[BlackElo "1996"]
[PlyCount "61"]
[EventDate "2011.10.29"]
[EventType "team-tourn"]
[EventRounds "11"]
[EventCountry "GER"]
[SourceTitle "EXT 2013"]
[Source "ChessBase"]
[SourceDate "2012.11.22"]
[SourceVersion "1"]
[SourceVersionDate "2012.11.22"]
[SourceQuality "1"]
[WhiteTeam "Muelheim Nord (W)"]
[BlackTeam "Schott Mainz (W)"]
[WhiteTeamCountry "GER"]
[BlackTeamCountry "GER"]

1. e4 e6 2. d4 b6 3. Bd3 Bb7 4. Nf3 Nf6 5. Bg5 h6 6. Bxf6 gxf6 7. Nbd2 Nc6 8. Qe2 Nb4 9. c3 Nxd3+ 10. Qxd3 a5 11. 0-0-0 Ba6 12. Qe3 h5 13. Nh4 Qe7 14. Qf3 0-0-0 15. e5 Bb7 16. exf6 Qd6 17. Nc4 Bxf3 18. Nxd6+ Bxd6 19. Nxf3 Rh6 20. Ne5 Rxf6 21. Rhf1 Rf8 22. f4 Rh6 23. Nc4 Be7 24. d5 Bc5 25. a3 Rg8 26. b4 axb4 27. axb4 Bf8 28. Rf2 d6 29. Kc2 Rf6 30. Ne3 Bh6 31. Kb3 1/2-1/2

[Event "GER-chT Federal Cup (Women)"]
[Site "Germany"]
[Date "2011.06.18"]
[Round "4.6"]
[White "Sokalska, Viktorija"]
[Black "Blanke, Manon"]
[Result "1-0"]
[WhiteElo "2018"]
[BlackElo "1900"]
[PlyCount "67"]
[EventDate "2011.06.16"]
[EventType "team-swiss"]
[EventRounds "5"]
[EventCountry "GER"]
[SourceTitle "EXT 2012"]
[Source "ChessBase"]
[SourceDate "2011.11.24"]
[SourceVersion "1"]
[SourceVersionDate "2011.11.24"]
[SourceQuality "1"]
[WhiteTeam "Nordrhein Westfalen"]
[BlackTeam "Hessen"]
[WhiteTeamCountry "GER"]
[BlackTeamCountry "GER"]

1. e4 Nf6 2. Nc3 d5 3. exd5 Nxd5 4. Bc4 e6 5. Nf3 Be7 6. 0-0 0-0 7. Re1 Nxc3 8. bxc3 c5 9. d4 cxd4 10. cxd4 Qc7 11. Bd3 Rd8 12. Ne5 Bf6 13. Bf4 Qe7 14. Re3 g6 15. c3 Nd7 16. Ng4 Nb6 17. Nxf6+ Qxf6 18. Rf3 Qe7 19. Qd2 Qa3 20. Bh6 Re8 21. Qf4 f5 22. Qe5 Qe7 23. Re1 Nd7 24. Qg3 Kh8 25. Bc4 Nb6 26. Qe5+ Kg8 27. Bb3 a5 28. a3 a4 29. Ba2 Ra6 30. Rg3 Nd7 31. Qxf5 Kh8 32. Qf4 Qxa3 33. Qf7 Qe7 34. Bg7# 1-0

[Event "GER-chT Federal Cup (Women)"]
[Site "Germany"]
[Date "2011.06.17"]
[Round "3.6"]
[White "Schwebbach, Angelika"]
[Black "Sokalska, Viktorija"]
[Result "0-1"]
[WhiteElo "1855"]
[BlackElo "2018"]
[PlyCount "82"]
[EventDate "2011.06.16"]
[EventType "team-swiss"]
[EventRounds "5"]
[EventCountry "GER"]
[SourceTitle "EXT 2012"]
[Source "ChessBase"]
[SourceDate "2011.11.24"]
[SourceVersion "1"]
[SourceVersionDate "2011.11.24"]
[SourceQuality "1"]
[WhiteTeam "Sachsen Anhalt"]
[BlackTeam "Nordrhein Westfalen"]
[WhiteTeamCountry "GER"]
[BlackTeamCountry "GER"]

1. e4 c6 2. d4 d5 3. exd5 cxd5 4. Bd3 Nc6 5. c3 Nf6 6. Bf4 Bg4 7. f3 Bh5 8. Ne2 e6 9. Qb3 Qd7 10. 0-0 a6 11. Re1 Bg6 12. Qd1 Bd6 13. Bxd6 Qxd6 14. Bc2 Rc8 15. a3 0-0 16. Nd2 Nh5 17. Bxg6 hxg6 18. b4 Ne7 19. Rc1 Nf4 20. Nf1 Nf5 21. Qd2 Nxe2+ 22. Rxe2 Qd7 23. Ne3 Nd6 24. Qb2 Rc7 25. Rec2 Rfc8 26. Qb3 Qe7 27. c4 dxc4 28. Nxc4 Nf5 29. Qd3 Qh4 30. g4 Qg5 31. Kh1 Nh4 32. Rf1 Qf4 33. Ne3 Nxf3 34. Rcf2 Qxd4 35. Qe2 Nh4 36. Rf4 Qb6 37. h3 g5 38. R4f2 Ng6 39. Ng2 f6 40. Qe4 Ne5 41. Rd1 Qxf2 0-1

[Event "Ruhrgebiet Verbandsliga2 1011"]
[Site "Nordrheinwestfalen"]
[Date "2011.02.06"]
[Round "6.7"]
[White "Busche, Klaus"]
[Black "Sokalska, Viktorija"]
[Result "1-0"]
[WhiteElo "1971"]
[BlackElo "1891"]
[PlyCount "129"]
[EventDate "2010.09.12"]
[EventType "team-tourn"]
[EventRounds "9"]
[EventCountry "GER"]
[SourceTitle "EXT 2020"]
[Source "ChessBase"]
[SourceDate "2019.10.17"]
[SourceVersion "1"]
[SourceVersionDate "2019.10.17"]
[SourceQuality "1"]
[WhiteTeam "Ahlen SV"]
[BlackTeam "Muelheim Nord III"]
[WhiteTeamCountry "GER"]
[BlackTeamCountry "GER"]

1. Nf3 Nf6 2. c4 g6 3. Nc3 d5 4. cxd5 Nxd5 5. e4 Nxc3 6. dxc3 Qxd1+ 7. Kxd1 Bg7 8. Bf4 c6 9. Kc2 0-0 10. Bc4 Nd7 11. a4 Nc5 12. Nd2 Be6 13. Be3 Bxc4 14. Bxc5 Ba6 15. Bxe7 Rfe8 16. Bg5 h6 17. Be3 Rad8 18. Bxa7 Bd3+ 19. Kb3 b5 20. a5 Bf8 21. Be3 Ra8 22. Bb6 c5 23. c4 bxc4+ 24. Nxc4 Rxe4 25. Rhc1 Re2 26. Rc3 Bf5 27. a6 Bg7 28. a7 Bxc3 29. Kxc3 Rc2+ 30. Kb3 Bd3 31. Ne5 c4+ 32. Ka3 Be4 33. Bd4 Rd2 34. Be3 Re2 35. Bd4 Bd5 36. Kb4 Rc8 37. Kc3 Be4 38. Nd7 Rc2+ 39. Kb4 Ba8 40. Nb6 Rd8 41. Bf6 Re8 42. Nxa8 Rxa8 43. Rd1 c3 44. Bxc3 Rxc3 45. Kxc3 Rxa7 46. Rd2 Kf8 47. b4 Rc7+ 48. Kb3 Rb7 49. Re2 h5 50. Re5 f6 51. Rc5 Ke7 52. b5 Rb6 53. Kb4 Kd6 54. Rc2 Rb8 55. Rc6+ Ke5 56. f4+ Kxf4 57. Rxf6+ Kg5 58. Rc6 Kh4 59. b6 g5 60. Kb5 g4 61. Rc2 Rg8 62. b7 g3 63. h3 Rg5+ 64. Rc5 Rg7 65. Rc4+ 1-0

[Event "Duesseldorf Post op"]
[Site "Duesseldorf"]
[Date "2010.12.27"]
[Round "2"]
[White "Stark, Lars"]
[Black "Sokalska, Viktorija"]
[Result "1-0"]
[WhiteElo "2343"]
[BlackElo "1873"]
[PlyCount "73"]
[EventDate "2010.12.26"]
[EventType "swiss"]
[EventRounds "7"]
[EventCountry "GER"]
[SourceTitle "CBM 140 Extra"]
[Source "ChessBase"]
[SourceDate "2011.03.01"]
[SourceVersion "1"]
[SourceVersionDate "2011.03.01"]
[SourceQuality "1"]

1. c4 Nf6 2. g3 g6 3. Bg2 d5 4. cxd5 Nxd5 5. Qb3 c6 6. Nc3 Nb6 7. Nf3 Be6 8. Qc2 Na6 9. 0-0 Bg7 10. d3 Nb4 11. Qb1 0-0 12. Bd2 Qc8 13. Rc1 Rd8 14. Ne4 N4d5 15. Nc5 Bh3 16. Bxh3 Qxh3 17. Nxb7 Rdb8 18. Nc5 Qg4 19. Qc2 Nc8 20. Rab1 Nd6 21. Ne4 Nxe4 22. dxe4 Nb4 23. Qc4 c5 24. Ng5 Rf8 25. Qxc5 Nxa2 26. Re1 h6 27. Nf3 Qxe4 28. Qa3 Qe6 29. Ra1 Rab8 30. Rxa2 Rfd8 31. Bc3 Rb3 32. Qa5 Rdb8 33. Bxg7 Kxg7 34. Nd4 Qb6 35. Qe5+ Kh7 36. Nxb3 Qxb3 37. Rxa7 1-0

[Event "BL 1011 (Women)"]
[Site "Germany"]
[Date "2010.12.04"]
[Round "3.5"]
[White "Sokalska, Viktorija"]
[Black "Giss, Helene"]
[Result "1/2-1/2"]
[WhiteElo "2015"]
[BlackElo "2068"]
[PlyCount "53"]
[EventDate "2010.11.06"]
[EventType "team-tourn"]
[EventRounds "11"]
[EventCountry "GER"]
[SourceTitle "EXT 2012"]
[Source "ChessBase"]
[SourceDate "2011.11.24"]
[SourceVersion "1"]
[SourceVersionDate "2011.11.24"]
[SourceQuality "1"]
[WhiteTeam "Muelheim Nord (W)"]
[BlackTeam "Bad Koenigshofen (W)"]
[WhiteTeamCountry "GER"]
[BlackTeamCountry "GER"]

1. e4 e6 2. d4 d5 3. exd5 exd5 4. c4 Nf6 5. Nc3 c6 6. Bd3 Be6 7. c5 b6 8. cxb6 axb6 9. Nge2 Bd6 10. Bg5 0-0 11. Qc2 h6 12. Bf4 Re8 13. 0-0 Bg4 14. f3 Bc8 15. Rfe1 Ba6 16. Bxd6 Bxd3 17. Qxd3 Qxd6 18. Ng3 Rxe1+ 19. Rxe1 g6 20. Qd2 Kg7 21. a3 Nbd7 22. Nd1 Kh7 23. Ne3 Qf4 24. Ne2 Qd6 25. Ng3 Qf4 26. Ne2 Qd6 27. Ng3 1/2-1/2

[Event "Ruhrgebiet Verbandsliga2 1011"]
[Site "Nordrheinwestfalen"]
[Date "2010.11.14"]
[Round "3.7"]
[White "Sokalska, Viktorija"]
[Black "Wiktor, Reinhard"]
[Result "1-0"]
[WhiteElo "1891"]
[BlackElo "1799"]
[PlyCount "75"]
[EventDate "2010.09.12"]
[EventType "team-tourn"]
[EventRounds "9"]
[EventCountry "GER"]
[SourceTitle "EXT 2020"]
[Source "ChessBase"]
[SourceDate "2019.10.17"]
[SourceVersion "1"]
[SourceVersionDate "2019.10.17"]
[SourceQuality "1"]
[WhiteTeam "Muelheim Nord III"]
[BlackTeam "Mengede SG"]
[WhiteTeamCountry "GER"]
[BlackTeamCountry "GER"]

1. e4 g6 2. d4 d6 3. Nf3 Bg7 4. Bc4 e6 5. 0-0 h6 6. Nc3 Ne7 7. Be3 b6 8. Qd2 Nd7 9. Rfe1 Bb7 10. Rad1 a6 11. a4 Nc8 12. g3 Kf8 13. Nh4 Ne7 14. f4 d5 15. exd5 exd5 16. Bd3 c5 17. Qf2 c4 18. Bf1 f5 19. Bc1 Kf7 20. Qe3 Nf8 21. Bg2 Qd6 22. b3 Rc8 23. bxc4 Rxc4 24. Nf3 Rc7 25. Qd3 Bf6 26. Na2 Kg7 27. Ba3 Qd8 28. Re2 Nc8 29. Rde1 Nd6 30. Bxd6 Qxd6 31. c3 b5 32. axb5 axb5 33. Nb4 Rh7 34. Ne5 Kg8 35. Nxg6 Nxg6 36. Re6 Nxf4 37. gxf4 Qxf4 38. Rxf6 1-0

[Event "GER-chT Federal Cup (Women)"]
[Site "Braunfels"]
[Date "2010.06.06"]
[Round "5"]
[White "Sokalska, Viktorija"]
[Black "Rubina, Tatiana"]
[Result "0-1"]
[WhiteElo "2026"]
[BlackElo "2150"]
[PlyCount "130"]
[EventDate "2010.06.03"]
[EventType "team-swiss"]
[EventRounds "5"]
[EventCountry "GER"]
[SourceTitle "CBM 136 Extra"]
[Source "ChessBase"]
[SourceDate "2010.07.02"]
[SourceVersion "2"]
[SourceVersionDate "2010.07.15"]
[SourceQuality "1"]

1. e4 e6 2. d4 d5 3. exd5 exd5 4. c4 Nf6 5. Nc3 c6 6. Bd3 Be6 7. Qe2 Be7 8. Nf3 dxc4 9. Bxc4 Bxc4 10. Qxc4 Nbd7 11. 0-0 0-0 12. Bf4 Nb6 13. Qb3 Nbd5 14. Be5 Qd7 15. Rfe1 Rad8 16. Rad1 Qc8 17. Ne4 Nxe4 18. Rxe4 Nf6 19. Re2 Rd5 20. Rde1 Rb5 21. Qc2 Nd5 22. a3 Qg4 23. Qd2 Rb3 24. Bg3 Qd7 25. Qc2 Rb5 26. Ne5 Qd8 27. Re4 Nf6 28. Rh4 g6 29. a4 Rd5 30. Qd2 Nh5 31. Rh3 Rxd4 32. Qe2 Nxg3 33. Rxg3 Bh4 34. Rh3 Rd2 35. Qc4 Rd1 36. Kf1 Qd2 37. Qe2 Rxe1+ 38. Qxe1 Qxe1+ 39. Kxe1 Re8 40. Re3 Bf6 41. Nd3 Rxe3+ 42. fxe3 Kf8 43. b3 Ke7 44. Ke2 Kd6 45. e4 a5 46. Kf3 Be5 47. h3 b5 48. Ke3 bxa4 49. bxa4 c5 50. Nxe5 Kxe5 51. Kd3 f6 52. Kc4 Kd6 53. Kb5 h6 54. Kxa5 Kc6 55. g3 h5 56. h4 g5 57. hxg5 fxg5 58. e5 h4 59. gxh4 gxh4 60. e6 Kd6 61. Kb5 h3 62. a5 h2 63. a6 c4 64. Kb6 h1Q 65. a7 Qc6+ 0-1

[Event "GER-chT Federal Cup (Women)"]
[Site "Braunfels"]
[Date "2010.06.04"]
[Round "3"]
[White "Ries, Jutta"]
[Black "Sokalska, Viktorija"]
[Result "1/2-1/2"]
[WhiteElo "1955"]
[BlackElo "2026"]
[PlyCount "108"]
[EventDate "2010.06.03"]
[EventType "team-swiss"]
[EventRounds "5"]
[EventCountry "GER"]
[SourceTitle "CBM 136 Extra"]
[Source "ChessBase"]
[SourceDate "2010.07.02"]
[SourceVersion "2"]
[SourceVersionDate "2010.07.15"]
[SourceQuality "1"]

1. f4 d5 2. Nf3 Nf6 3. b3 c5 4. Bb2 Nc6 5. e3 Bf5 6. Bb5 Qb6 7. Bxc6+ Qxc6 8. Ne5 Qa6 9. d3 Bg6 10. g4 e6 11. h4 h5 12. g5 Nd7 13. Nxg6 fxg6 14. Qf3 0-0-0 15. Nd2 Rg8 16. c4 Bd6 17. 0-0 Rdf8 18. cxd5 e5 19. Nc4 exf4 20. Nxd6+ Qxd6 21. e4 Ne5 22. Bxe5 Qxe5 23. Rac1 b6 24. Rc2 Rf7 25. a3 Kb8 26. Rcf2 Qc3 27. Qd1 Qd4 28. Kg2 Rgf8 29. Rf3 Qb2+ 30. R1f2 Qxa3 31. d6 Qb4 32. Qd2 Qxb3 33. Rxf4 Qe6 34. Rxf7 Rxf7 35. Rxf7 Qxf7 36. Qe3 Qa2+ 37. Kg3 Qe6 38. Qf4 Qg4+ 39. Qxg4 hxg4 40. e5 Kc8 41. e6 a5 42. Kxg4 a4 43. h5 gxh5+ 44. Kxh5 a3 45. Kg6 a2 46. e7 Kd7 47. Kf7 a1Q 48. e8Q+ Kxd6 49. Qf8+ Kc6 50. Qxg7 Qa2+ 51. Kf8 Qa8+ 52. Kf7 Qa2+ 53. Kf8 Qa8+ 54. Kf7 Qa2+ 1/2-1/2

[Event "GER-chT Federal Cup (Women)"]
[Site "Braunfels"]
[Date "2010.06.04"]
[Round "2"]
[White "Sokalska, Viktorija"]
[Black "Hielscher, Ursula"]
[Result "1/2-1/2"]
[WhiteElo "2026"]
[BlackElo "1878"]
[PlyCount "65"]
[EventDate "2010.06.03"]
[EventType "team-swiss"]
[EventRounds "5"]
[EventCountry "GER"]
[SourceTitle "CBM 136 Extra"]
[Source "ChessBase"]
[SourceDate "2010.07.02"]
[SourceVersion "2"]
[SourceVersionDate "2010.07.15"]
[SourceQuality "1"]

1. e4 e6 2. d4 d5 3. exd5 exd5 4. c4 Be6 5. Nf3 Be7 6. Nc3 dxc4 7. Bxc4 Bxc4 8. Qa4+ Nc6 9. Qxc4 Nf6 10. 0-0 0-0 11. Bf4 Bd6 12. Bg5 h6 13. Bh4 a6 14. Rfe1 Be7 15. Rad1 Nd7 16. d5 Nce5 17. Nxe5 Nxe5 18. Rxe5 Bxh4 19. Rde1 Bf6 20. R5e2 Bxc3 21. bxc3 Qd6 22. Re7 Rac8 23. Qd4 b5 24. g3 Rfd8 25. R1e5 Qa3 26. Qf4 Rf8 27. Qf5 Rcd8 28. Rxc7 Qxa2 29. Qf3 Qb1+ 30. Kg2 Qg6 31. Rc6 Rd6 32. Rxd6 Qxd6 33. Qe4 1/2-1/2

[Event "Ruhrgebiet VK1 0910"]
[Site "Ruhrgebiet"]
[Date "2010.01.10"]
[Round "5.7"]
[White "Sokalska, Viktorija"]
[Black "Friedrich, Patrick"]
[Result "1-0"]
[WhiteElo "2026"]
[BlackElo "1995"]
[PlyCount "71"]
[EventDate "2009.09.06"]
[EventType "team"]
[EventRounds "9"]
[EventCountry "GER"]
[SourceTitle "EXT 2011"]
[Source "ChessBase"]
[SourceDate "2010.11.26"]
[SourceVersion "1"]
[SourceVersionDate "2010.11.26"]
[SourceQuality "1"]
[WhiteTeam "Muelheim Nord III"]
[BlackTeam "Borbeck Weisse Dame II"]
[WhiteTeamCountry "GER"]
[BlackTeamCountry "GER"]

1. e4 c5 2. Nc3 e6 3. g3 a6 4. Bg2 Nc6 5. d3 Nge7 6. Be3 d6 7. Nge2 g6 8. 0-0 Bg7 9. Qd2 0-0 10. f4 Qa5 11. g4 f5 12. h3 Nd4 13. Ng3 Nec6 14. a3 Rb8 15. Kh1 b5 16. gxf5 exf5 17. exf5 Bxf5 18. Nxf5 Rxf5 19. Bd5+ Kh8 20. Qg2 Ne7 21. Be4 Rh5 22. Rae1 Nef5 23. Bxd4 Bxd4 24. Bxf5 Rxf5 25. Ne4 Bxb2 26. Nxd6 Rxf4 27. Qg3 Rxf1+ 28. Rxf1 Qb6 29. Rf7 Qc6+ 30. Kh2 Qd5 31. Re7 Rf8 32. Ne8 Rf1 33. Re4 Bd4 34. Nc7 Qf7 35. Re8+ Kg7 36. Ne6+ 1-0